| 000 | 00535nam a2200205 u 4500 | ||
|---|---|---|---|
| 001 | 000800923 | ||
| 003 | AM-YEHGA | ||
| 005 | 20250617160356.0 | ||
| 008 | 110404s1953 ||||||||||||||||||||rus|c | ||
| 040 | _aAM-YeHGA | ||
| 041 | 0 | _arus | |
| 100 | 1 | _aГорин, Т.И. | |
| 245 | 1 | 0 |
_aАйва / _cТ.И. Горин. |
| 260 |
_aМосква : _bСельхозгиз, _c1953. |
||
| 300 |
_a92 с. : _bил. ; _c20 см. |
||
| 500 | _aПрилож.: с. 89-90 | ||
| 504 | _aЛит.: с. 91 | ||
| 650 | 1 | 4 | _aАйва |
| 090 | _c455053 | ||
| 999 |
_c452107 _d452107 |
||